Länder an Emojis - Statistiken

Allgemein
  • Dieses Quiz wurde 70 mal gespielt
  • Das Durchschnittsergebnis liegt bei 9 aus 15
Antwortstatistiken
Hint Antwort % Korrekt
🇯🇵 Japan
98%
🇫🇮 Finnland
95%
🇱🇺 Luxemburg
81%
🇧🇷 Brasilien
78%
🇭🇺 Ungarn
70%
🇱🇧 Libanon
64%
🇲🇦 Marokko
56%
🇺🇿 Usbekistan
56%
🇭🇳 Honduras
52%
🇫🇯 Fidschi
50%
🇱🇦 Laos
50%
🇰🇭 Kambodscha
45%
🇳🇪 Niger
33%
🇳🇦 Namibia
30%
🇸🇧 Salomonen
20%
Keine übereinstimmenden Quizze gefunden
Verteilung der Resultate
Anzahl Personen mit jedem Resultat
Perzentil nach korrekt beantworteten Fragen
Ihre Resultats-Entwicklung
Sie haben dieses Quiz noch nicht gespielt